000 00311nam a22001337a 4500
020 _a81-7966-221-7
082 _a425
_bPIL/S
100 _aPILLAI,RADHAKRISHNA G.
245 _aSTRENGTHEN YOUR VOCABULARY
260 _aCHENNAI
_bEMERALD PUBLISHERS
300 _a156
650 _aVOCABULARY
_zCHENNAI
942 _cBK
999 _c4151
_d4151